Statistiques concernant Pays limitrophes à la Serbie

Cliquez ici pour prendre le quiz!

Statistiques générales

  • Ce quiz a été pris 47 fois
  • Le résultat moyen est 8 sur 8

Réponses sur la Carte

Les réponses sont colorées sur une échelle allant du rouge au vert en fonction du pourcentage des utilisateurs qui les ont devinées à leur premier essai. Vous pouvez retrouver ces pourcentages ci-dessous.
 

Statistiques - réponses

Pays limitrophes% Correct
Croatie
100%
Kosovo
100%
Bulgarie
98%
Macédoine du Nord
98%
Monténégro
98%
Roumanie
98%
Bosnie-Herzégovine
95%
Hongrie
93%

Distribution des résultats

Percentile par nombre de réponses

% des personnes avec chaque résultat

Votre développement - résultats

Vous n’avez pas pris ce quiz